000 00904nam a2200217Ia 4500
999 _c36460
_d36460
001 2375
003 GE_BSU
005 20190530155948.0
008 181216s2010||||ge |||||||||||||| ||geo||
040 _cGE_BSU
041 _ageo
080 _a94(479.223) ა–61
100 _aანასაშვილი, მარადი
_91850
245 _aაჭარის ხევისბერი :
_bჰაიდარ აბაშიძის დიდი ცხოვრებისა /
_cმარადი ანასაშვილი; რედ. გურამ გოგიაშვილი
264 _aთბილისი,
_c2010
300 _a355 გვ.;
_b21 სმ.
600 _aაბაშიძე, ჰაიდარ
_91851
653 _aისტორია
700 _aგოგიაშვილი, გურამ
_eრედაქტორი
_91852
942 _cBK
_2udc